000 00331 a2200157 4500
001 56502
020 _a8516035468
040 _cAnchieta - Pituba
100 _aCarrasco, Walcyr
240 1 0 _aEstrelas tortas
_lpor
245 1 0 _aEstrelas tortas
300 _a104
362 0 _a2007
650 4 _aLiteratura juvenil
942 _cBK
999 _c56502
_d56502